[Event "FRA-chT Top 12 2019"]
[Site "Brest"]
[Date "2019.05.25"]
[Round "8.8"]
[White "Bolon, Karelle"]
[Black "Monpeurt, Cyrielle"]
[Result "0-1"]
[WhiteElo "2018"]
[BlackElo "2166"]
[Annotator "NA"]
[PlyCount "108"]
[EventDate "2019.05.18"]
[EventType "team-tourn"]
[EventCountry "FRA"]
[SourceTitle "playchess.com"]
[Source "ChessBase"]
[SourceQuality "1"]
[TimeControl "40/5400+30:1800+30"]

1. e4 {[%emt 0:00:00]} e5 {[%emt 0:00:00]} 2. Nf3 {[%emt 0:00:18]} Nc6 {[%emt 0:00:00]} 3. Bc4 {[%emt 0:01:17]} Bc5 {[%emt 0:00:02]} 4. O-O {[%emt 0:00:24]} Nf6 {[%emt 0:00:24]} 5. d4 {[%emt 0:01:01]} Bxd4 {[%emt 0:01:37]} 6. Nxd4 {[%emt 0:00:30]} Nxd4 {[%emt 0:00:27]} 7. f4 {[%emt 0:00:24]} d6 {[%emt 0:02:46]} 8. fxe5 {[%emt 0:00:39]} dxe5 {[%emt 0:00:07]} 9. Bg5 {[%emt 0:00:47]} Be6 {[%emt 0:05:16]} 10. Na3 {[%emt 0:00:57]} Qe7 {[%emt 0:08:22]} 11. c3 {[%emt 0:03:37]} Bxc4 {[%emt 0:08:50]} 12. Nxc4 {[%emt 0:00:51]} Ne6 {[%emt 0:00:37]} 13. Bxf6 {[%emt 0:01:51]} gxf6 {[%emt 0:00:19]} 14. b4 {[%emt 0:02:29]} Rg8 {[%emt 0:09:20]} 15. Rf2 {[%emt 0:02:00]} Ng5 {[%emt 0:07:18]} 16. Qa4+ {[%emt 0:28:37]} c6 {[%emt 0:05:04]} 17. Re2 {[%emt 0:07:19]} Rd8 {[%emt 0:08:52]} 18. Qxa7 {[%emt 0:09:26]} Qd7 {[%emt 0:00:54]} 19. Qe3 {[%emt 0:05:58]} Qd3 {[%emt 0:08:10]} 20. Qxd3 {[%emt 0:04:42]} Rxd3 {[%emt 0:00:04]} 21. Rc1 {[%emt 0:01:38]} Ke7 {[%emt 0:10:09]} 22. a4 {[%emt 0:05:35]} Nh3+ {[%emt 0:00:42]} 23. Kf1 {[%emt 0:06:48]} Nf4 {[%emt 0:00:14]} 24. Rec2 {[%emt 0:05:38]} Rgd8 {[%emt 0:02:10]} 25. Nb2 {[%emt 0:02:24]} Rd2 {[%emt 0:02:27]} 26. Nc4 {[%emt 0:01:07]} R2d7 {[%emt 0:07:20]} 27. Ne3 {[%emt 0:01:20]} Rd3 {[%emt 0:04:02]} 28. Nf5+ {[%emt 0:00:32]} Ke6 {[%emt 0:01:54]} 29. g3 {[%emt 0:00:27]} Nh3 {[%emt 0:00:04]} 30. Kg2 {[%emt 0:01:28]} Ng5 {[%emt 0:00:04]} 31. Re1 {[%emt 0:00:25]} Rd2+ {[%emt 0:00:54]} 32. Rxd2 {[%emt 0:01:41]} Rxd2+ {[%emt 0:00:03]} 33. Kf1 {[%emt 0:00:57]} Rxh2 {[%emt 0:02:52]} 34. Ng7+ {[%emt 0:01:16]} Kd7 {[%emt 0:00:12]} 35. Rd1+ {[%emt 0:00:42]} Kc8 {[%emt 0:00:41]} 36. Kg1 {[%emt 0:02:03]} Rc2 {[%emt 0:01:11]} 37. b5 {[%emt 0:00:46]} cxb5 {[%emt 0:02:26]} 38. axb5 {[%emt 0:00:05]} Rxc3 {[%emt 0:00:23]} 39. b6 {[%emt 0:00:40]} Rxg3+ {[%emt 0:01:06]} 40. Kf2 {[%emt 0:00:29]} Rb3 {[%emt 0:00:10]} 41. Nf5 {[%emt 0:04:41]} Nxe4+ {[%emt 0:02:51]} 42. Kg2 {[%emt 0:00:35]} Rxb6 {[%emt 0:01:24]} 43. Ne7+ {[%emt 0:00:23]} Kb8 {[%emt 0:00:10]} 44. Rd8+ {[%emt 0:02:07]} Kc7 {[%emt 0:00:14]} 45. Rh8 {[%emt 0:00:30]} Rb2+ {[%emt 0:00:16]} 46. Kf3 {[%emt 0:00:13]} Ng5+ {[%emt 0:00:22]} 47. Ke3 {[%emt 0:00:50]} Rb3+ {[%emt 0:00:54]} 48. Ke2 {[%emt 0:00:08]} Kd6 {[%emt 0:01:06]} 49. Nf5+ {[%emt 0:03:39]} Kd5 {[%emt 0:00:40]} 50. Rd8+ {[%emt 0:00:30]} Ke4 {[%emt 0:00:12]} 51. Nd6+ {[%emt 0:01:00]} Kf4 {[%emt 0:00:10]} 52. Nc4 {[%emt 0:00:31]} b5 {[%emt 0:00:48]} 53. Nd2 {[%emt 0:00:21]} Re3+ {[%emt 0:00:48]} 54. Kd1 {[%emt 0:00:42]} Nf3 {[%emt 0:00:35]} 0-1

[Event "FRA-chT Top 12 2019"]
[Site "Brest"]
[Date "2019.05.26"]
[Round "9.1"]
[White "Amin, Bassem"]
[Black "Donchenko, Alexander"]
[Result "1/2-1/2"]
[WhiteElo "2704"]
[BlackElo "2595"]
[Annotator "TA"]
[PlyCount "166"]
[EventDate "2019.05.18"]
[EventType "team-tourn"]
[EventCountry "FRA"]
[SourceTitle "playchess.com"]
[Source "ChessBase"]
[SourceQuality "1"]

{[%evp 9,166,21,25,27,27,12,18,14,22,18,39,17,35,18,47,25,43,-16,55,0,0,-2,6,-4,66,0,0,0,-5,0,0,-6,0,0,0,0,0,0,33,30,20,18,45,59,54,0,9,0,56,47,65,67,86,68,54,0,0,0,0,0,0,0,0,0,0,-4,72,68,80,91,245,245,184,191,386,381,370,118,119,131,113,116,119,120,540,477,469,468,453,439,682,659,582,131,124,127,126,127,136,75,75,75,75,75,75,68,62,52,52,52,52,52,52,9,9,9,52,26,26,9,52,9,9,9,9,8,8,8,9,8,9,8,9,8,8,8,8,8,9,8,8,8,8,8,8,8,8,8,8,0,8,0,8,8,8,8,8,8,8]} 1. Nf3 c5 2. e4 d6 3. Bb5+ Nd7 4. c3 Ngf6 5. Bd3 (5. Qe2 a6 6. Ba4 b5 7. Bc2 Bb7 8. d4 g6 9. O-O Bg7 10. e5 dxe5 11. dxe5 Bxf3 12. gxf3 Nd5 13. e6 N7f6 14. c4 bxc4 15. exf7+ Kxf7 {0-1 (31) Mamedov,R (2701)-Nepomniachtchi,I (2771) Astana 2019}) 5... a6 6. Bc2 {B51: Sicilian: Moscow Variation (3 Bb5+) without 3...Bd7} b5 7. d4 Bb7 8. Nbd2 e5 9. O-O Be7 10. d5 O-O 11. Re1 g6 $146 ({Predecessor:} 11... c4 12. Nf1 Re8 13. Ng3 g6 14. h3 Bf8 15. Be3 h6 16. Qd2 Kh7 17. Nh2 Bg7 18. Ng4 Ng8 19. f3 h5 20. Nh2 Bh6 21. Nhf1 Qh4 22. Qe2 Bxe3+ 23. Qxe3 Nc5 24. Rad1 Bc8 25. Qf2 Bd7 {0-1 (84) Kotan,L (2364)-Meszaros,A (2327) Aggtelek 2004}) 12. Nf1 Nh5 13. g4 (13. Bh6 $14) 13... Ng7 (13... Nf4 $11) 14. Ng3 ({Better is} 14. Bh6 $14) 14... Nf6 $11 15. h3 h5 16. Nh2 h4 (16... Bc8 $11) 17. Nh1 (17. Ngf1 $14) 17... Nh7 18. f4 exf4 19. Bxf4 Bg5 20. Qd2 Qf6 21. Rf1 Rae8 22. Rad1 Bxf4 23. Rxf4 Qe7 24. Nf2 Bc8 25. Rf1 Ng5 26. Nf3 Nh7 {White should prevent ...g5.} 27. Nh2 Ng5 28. Nf3 Nh7 {Threatening ...g5.} 29. Ne1 $1 Ng5 30. Ng2 Qd8 31. Kh2 Re5 32. Nxh4 (32. Qe3 $14) 32... Nxh3 $1 33. Nxh3 Qxh4 34. Qf2 Qe7 35. Qg3 Nh5 36. gxh5 Rxh5 37. Rf5 {[%mdl 64] And now Rxh5 would win. Pin} Rh6 (37... Bxf5 38. exf5 Qe5 39. Qxe5 $16 (39. fxg6 fxg6 40. Qxe5 Rxe5 $11)) (37... Rh7 $1 $11) 38. R1f3 Kg7 39. Kg2 ({But not} 39. Qg5 $2 f6 $19) 39... f6 $2 {[#]} (39... Bxf5 $16 {was necessary.} 40. exf5 Qe2+ 41. Rf2 Qh5) 40. Nf2 $1 $18 Bxf5 41. exf5 ({Not} 41. Rxf5 Rfh8 $11) 41... Qe1 $2 (41... Qe5 {was worth a try.} 42. Qxe5 (42. fxg6 Qxd5 43. Qg4 Qg5 $16) 42... fxe5) 42. Re3 Qd2 43. Re7+ $2 (43. Bd3 $18 {is the precise move to win.}) 43... Rf7 $16 44. Rxf7+ Kxf7 45. fxg6+ Kg7 46. Be4 Rh5 $2 {[%mdl 8192]} (46... f5 $16 {is tougher.} 47. Bxf5 Rh5) 47. Qxd6 $18 {[%mdl 64] Threatening mate with Qe7+. Double Attack} f5 48. Bf3 Rg5+ 49. Kf1 {Black must now prevent Qe5+.} Qe3 (49... Rxg6 $142 50. Qe5+ Kg8 51. Qe8+ Kg7 52. Qe5+ Kg8 53. Qxf5 Qc1+ 54. Bd1 Qg5 55. Qc8+ Kg7 56. Qc7+ Kh8 57. Qxc5 Rf6) 50. Qd7+ Kxg6 51. Qe6+ $2 (51. Qc6+ $18 {has better winning chances.} Kh7 52. d6) 51... Qxe6 $16 52. dxe6 {Nh3 is the strong threat.} Kf6 53. Nd3 f4 {[#]} 54. Nxf4 ({White should play} 54. Bb7 $1) 54... Rf5 55. Nh5+ Ke7 56. Kf2 {Threatens to win with Kg3.} Rf8 57. Ke3 {Strongly threatening Bg4.} Kxe6 58. b4 cxb4 59. Nf4+ Kd6 60. cxb4 Rc8 61. Bd1 Rc4 62. Nd3 Kc7 63. Bb3 Rh4 64. Nf4 Kb7 65. Ke4 a5 {The position is equal.} 66. bxa5 Ka6 67. Ke5 Kxa5 68. Nd5 Rh1 69. Ke6 Rc1 70. Kd6 Rc8 71. Ne7 Rc1 72. Nc6+ Kb6 73. Nb4 Rc8 74. Be6 Rc1 75. Bf7 Ka5 76. Nc6+ Ka4 77. Bb3+ Ka3 78. Nd4 Kb2 79. Nc6 Ka3 80. Nd4 Kb2 81. Nxb5 Ra1 82. Kc5 Rxa2 83. Bxa2 Kxa2 {Accuracy: White = 57%, Black = 58%.} 1/2-1/2

[Event "FRA-chT Top 12 2019"]
[Site "Brest"]
[Date "2019.05.26"]
[Round "9.1"]
[White "Landa, Konstantin"]
[Black "Fedorov, Alexei"]
[Result "1-0"]
[WhiteElo "2622"]
[BlackElo "2566"]
[Annotator "ChessBase"]
[PlyCount "59"]
[EventDate "2019.05.18"]
[EventType "team-tourn"]
[EventCountry "FRA"]
[SourceTitle "playchess.com"]
[Source "ChessBase"]
[SourceQuality "1"]
[TimeControl "40/5400+30:1800+30"]

1. d4 {[%emt 0:03:30]} Nf6 {[%emt 0:00:00]} 2. c4 {[%emt 0:00:07]} g6 {[%emt 0:00:05]} 3. Nc3 {[%emt 0:02:55]} Bg7 {[%emt 0:00:07]} 4. e4 {[%emt 0:00:11]} d6 {[%emt 0:00:06]} 5. Nf3 {[%emt 0:00:27]} O-O {[%emt 0:00:14]} 6. Be2 {[%emt 0:00:03]} e5 {[%emt 0:02:34]} 7. O-O {[%emt 0:00:36]} Nbd7 {[%emt 0:00:49]} 8. Be3 {[%emt 0:00:55]} Qe7 {[%emt 0:00:07]} 9. Qc2 {[%emt 0:02:10]} c6 {[%emt 0:00:35]} 10. Rfe1 {[%emt 0:17:37]} h6 {[%emt 0:09:47]} 11. h3 {[%emt 0:01:31]} exd4 {[%emt 0:04:14]} 12. Bxd4 {[%emt 0:02:55]} b6 {[%emt 0:02:29]} 13. Bf1 {[%emt 0:04:03]} Ne5 {[%emt 0:00:21]} 14. Nxe5 {[%emt 0:07:47]} dxe5 {[%emt 0:00:07]} 15. Be3 {[%emt 0:00:02]} Nh5 {[%emt 0:16:49]} 16. Rad1 {[%emt 0:05:49]} Nf4 {[%emt 0:09:44]} 17. Qd2 {[%emt 0:12:17]} Be6 {[%emt 0:06:11]} 18. Bxf4 {[%emt 0:06:00]} exf4 {[%emt 0:00:19]} 19. Qxf4 {[%emt 0:00:06]} Qb4 {[%emt 0:00:53]} 20. Rd2 {[%emt 0:02:17]} Rad8 {[%emt 0:05:13]} 21. Red1 {[%emt 0:01:03]} Rxd2 {[%emt 0:03:10]} 22. Rxd2 {[%emt 0:00:51]} Bxc3 {[%emt 0:01:39]} 23. bxc3 {[%emt 0:00:43]} Qxc3 {[%emt 0:01:55]} 24. Rd1 {[%emt 0:07:53]} g5 {[%emt 0:05:17]} 25. Qd6 {[%emt 0:11:47]} c5 {[%emt 0:05:44]} 26. h4 {[%emt 0:00:24]} Qf6 {[%emt 0:03:22]} 27. hxg5 {[%emt 0:04:54]} hxg5 {[%emt 0:00:14]} 28. Qc7 {[%emt 0:01:47]} Kg7 {[%emt 0:07:44]} 29. Qxa7 {[%emt 0:00:01]} Rd8 {[%emt 0:00:24]} 30. e5 {[%emt 0:00:50]} 1-0

[Event "FRA-chT Top 12 2019"]
[Site "Brest"]
[Date "2019.05.26"]
[Round "9.1"]
[White "Hera, Imre Jr."]
[Black "Ragger, Markus"]
[Result "1/2-1/2"]
[WhiteElo "2611"]
[BlackElo "2682"]
[Annotator "TA"]
[PlyCount "42"]
[EventDate "2019.05.18"]
[EventType "team-tourn"]
[EventCountry "FRA"]
[SourceTitle "playchess.com"]
[Source "ChessBase"]
[SourceQuality "1"]

{[%evp 12,42,6,3,6,-5,-6,-4,0,-14,-7,-12,0,-1,0,-3,-16,-11,0,-15,0,-36,-36,-43,-15,-20,-33,-30,-19,-18,-16,-31,-2]} 1. d4 Nf6 2. Nf3 g6 3. Bg5 Bg7 4. Nbd2 O-O 5. c3 d5 6. e3 c5 7. Be2 h6 {D03: 1 d4 d5 2 Nf3 Nf6 3 Bg5, including Torre Attack with early ...d5} 8. Bh4 cxd4 9. exd4 (9. cxd4 Nc6 10. a3 Ne4 11. Nxe4 dxe4 12. Nd2 f5 13. O-O g5 14. Bg3 f4 15. exf4 gxf4 {1-0 (73) Duda,J (2737)-Grischuk,A (2766) chess.com INT 2018}) 9... Nc6 {The position is equal.} 10. O-O Ne4 11. Bg3 Nxg3 12. hxg3 Rb8 $146 ({Predecessor:} 12... Qc7 13. Re1 h5 14. Nb3 {0-1 (43) Weggen,R (1745)-Keijzer,R (2126) ICCF email 2016}) 13. a4 a6 14. Re1 Qc7 15. Bd3 Bg4 16. Qb3 Rfd8 17. Qa3 b5 18. axb5 axb5 19. Qc5 Bxf3 20. Nxf3 Qb7 21. Ne5 Nxe5 {Accuracy: White = 49%, Black = 63%.} 1/2-1/2

[Event "FRA-chT Top 12 2019"]
[Site "Brest"]
[Date "2019.05.26"]
[Round "9.1"]
[White "Nihal Sarin"]
[Black "Stevic, Hrvoje"]
[Result "1-0"]
[WhiteElo "2598"]
[BlackElo "2580"]
[Annotator "ChessBase"]
[PlyCount "139"]
[EventDate "2019.05.18"]
[EventType "team-tourn"]
[EventCountry "FRA"]
[SourceTitle "playchess.com"]
[Source "ChessBase"]
[SourceQuality "1"]
[TimeControl "40/5400+30:1800+30"]

1. d4 {[%emt 0:00:08]} d5 {[%emt 0:00:00]} 2. c4 {[%emt 0:00:35]} dxc4 {[%emt 0:00:00]} 3. Nf3 {[%emt 0:00:13]} Nf6 {[%emt 0:00:46]} 4. e3 {[%emt 0:00:06]} e6 {[%emt 0:00:23]} 5. Bxc4 {[%emt 0:00:27]} c5 {[%emt 0:00:11]} 6. O-O {[%emt 0:00:30]} a6 {[%emt 0:00:12]} 7. b3 {[%emt 0:00:41]} Nbd7 {[%emt 0:00:31]} 8. Bb2 {[%emt 0:00:37]} Be7 {[%emt 0:00:12]} 9. Nbd2 {[%emt 0:03:06]} O-O {[%emt 0:15:32]} 10. Bd3 {[%emt 0:03:54]} b6 {[%emt 0:01:06]} 11. Qe2 {[%emt 0:01:04]} Bb7 {[%emt 0:00:40]} 12. Rfd1 {[%emt 0:06:56]} cxd4 {[%emt 0:06:52]} 13. Bxd4 {[%emt 0:02:10]} Bc5 {[%emt 0:04:15]} 14. Bb2 {[%emt 0:29:09]} Qe7 {[%emt 0:01:11]} 15. a3 {[%emt 0:02:36]} a5 {[%emt 0:07:54]} 16. Bb5 {[%emt 0:16:19]} Rfd8 {[%emt 0:14:26]} 17. Nc4 {[%emt 0:02:35]} Ne8 {[%emt 0:07:07]} 18. Rac1 {[%emt 0:15:10]} Rac8 {[%emt 0:12:06]} 19. h3 {[%emt 0:00:42]} Ndf6 {[%emt 0:03:28]} 20. Rxd8 {[%emt 0:01:22]} Rxd8 {[%emt 0:01:12]} 21. Nfe5 {[%emt 0:00:18]} Nd6 {[%emt 0:01:42]} 22. Nxa5 {[%emt 0:07:47]} bxa5 {[%emt 0:05:52]} 23. Rxc5 {[%emt 0:00:02]} Nxb5 {[%emt 0:00:06]} 24. Qxb5 {[%emt 0:00:33]} Ne4 {[%emt 0:03:48]} 25. Rc2 {[%emt 0:00:34]} h6 {[%emt 0:09:23]} 26. Bd4 {[%emt 0:02:05]} Bd5 {[%emt 0:01:00]} 27. Nc6 {[%emt 0:01:00]} Qe8 {[%emt 0:00:46]} 28. a4 {[%emt 0:01:14]} Ra8 {[%emt 0:00:45]} 29. f3 {[%emt 0:01:05]} Nd6 {[%emt 0:02:14]} 30. Qc5 {[%emt 0:00:05]} Rc8 31. Qxd6 {[%emt 0:00:12]} Rxc6 {[%emt 0:00:25]} 32. Rxc6 {[%emt 0:01:52]} Qxc6 {[%emt 0:00:59]} 33. Qg3 {[%emt 0:00:21]} e5 {[%emt 0:00:36]} 34. Qxe5 {[%emt 0:00:07]} f6 {[%emt 0:00:03]} 35. Qb8+ {[%emt 0:00:09]} Kh7 {[%emt 0:00:09]} 36. e4 {[%emt 0:01:30]} Bf7 {[%emt 0:00:58]} 37. Kh2 {[%emt 0:00:35]} Qe6 {[%emt 0:01:08]} 38. Qc7 {[%emt 0:00:22]} Qxb3 {[%emt 0:00:19]} 39. Qxa5 {[%emt 0:00:02]} Qa2 {[%emt 0:00:27]} 40. Qa7 {[%emt 0:01:08]} Kg8 {[%emt 0:00:38]} 41. e5 {[%emt 0:05:57]} f5 {[%emt 0:15:05]} 42. a5 {[%emt 0:00:55]} Be6 {[%emt 0:01:19]} 43. a6 {[%emt 0:02:41]} Kh7 {[%emt 0:00:21]} 44. Qb6 {[%emt 0:10:40]} Bd5 {[%emt 0:00:27]} 45. Kh1 {[%emt 0:02:46]} Qe2 {[%emt 0:03:57]} 46. Qc5 {[%emt 0:05:01]} Bxf3 {[%emt 0:05:23]} 47. gxf3 {[%emt 0:00:24]} Qxf3+ {[%emt 0:00:08]} 48. Kh2 {[%emt 0:00:48]} Qe2+ {[%emt 0:00:35]} 49. Bf2 {[%emt 0:00:44]} Qxa6 {[%emt 0:00:02]} 50. Qd5 {[%emt 0:00:33]} Qe2 {[%emt 0:02:43]} 51. Kg2 {[%emt 0:01:39]} f4 {[%emt 0:00:32]} 52. e6 {[%emt 0:00:46]} Kg6 {[%emt 0:01:06]} 53. h4 {[%emt 0:01:50]} h5 {[%emt 0:04:43]} 54. Qg5+ {[%emt 0:00:50]} Kh7 {[%emt 0:00:01]} 55. Qf5+ {[%emt 0:01:09]} Kh8 {[%emt 0:00:19]} 56. Kg1 {[%emt 0:00:55]} Qd1+ {[%emt 0:00:23]} 57. Kh2 {[%emt 0:00:10]} Qf3 {[%emt 0:01:17]} 58. Qc2 {[%emt 0:00:45]} Kg8 {[%emt 0:00:06]} 59. Qc8+ {[%emt 0:00:45]} Kh7 {[%emt 0:00:01]} 60. Qc2+ {[%emt 0:00:08]} Kg8 {[%emt 0:00:02]} 61. e7 {[%emt 0:01:05]} Kf7 {[%emt 0:00:08]} 62. Qc5 {[%emt 0:00:28]} Qe2 {[%emt 0:01:12]} 63. Qf5+ {[%emt 0:00:26]} Kxe7 {[%emt 0:00:05]} 64. Qxf4 {[%emt 0:00:01]} Qd1 {[%emt 0:01:16]} 65. Kg3 {[%emt 0:00:18]} Qb3+ {[%emt 0:01:25]} 66. Qe3+ {[%emt 0:00:01]} Qe6 {[%emt 0:00:27]} 67. Kf4 {[%emt 0:00:09]} Qxe3+ {[%emt 0:00:12]} 68. Bxe3 {[%emt 0:00:02]} Kf6 {[%emt 0:00:19]} 69. Bd4+ {[%emt 0:00:11]} Kg6 {[%emt 0:00:05]} 70. Bc3 {[%emt 0:00:10]} 1-0

[Event "FRA-chT Top 12 2019"]
[Site "Brest"]
[Date "2019.05.26"]
[Round "9.1"]
[White "Karthikeyan, Murali"]
[Black "Balogh, Csaba"]
[Result "1/2-1/2"]
[WhiteElo "2596"]
[BlackElo "2598"]
[Annotator "ChessBase"]
[PlyCount "66"]
[EventDate "2019.05.18"]
[EventType "team-tourn"]
[EventCountry "FRA"]
[SourceTitle "playchess.com"]
[Source "ChessBase"]
[SourceQuality "1"]
[TimeControl "40/5400+30:1800+30"]

1. e4 {[%emt 0:00:00]} e5 {[%emt 0:00:00]} 2. Nf3 {[%emt 0:00:00]} Nc6 {[%emt 0:00:00]} 3. Bb5 {[%emt 0:00:00]} Nf6 {[%emt 0:00:00]} 4. d3 {[%emt 0:00:34]} Bc5 {[%emt 0:00:07]} 5. Bxc6 {[%emt 0:00:24]} dxc6 {[%emt 0:00:06]} 6. Nbd2 {[%emt 0:00:11]} Be6 {[%emt 0:02:27]} 7. O-O {[%emt 0:00:59]} Bd6 {[%emt 0:02:47]} 8. b3 {[%emt 0:01:48]} Qe7 {[%emt 0:04:14]} 9. Nc4 {[%emt 0:04:26]} Nd7 {[%emt 0:01:48]} 10. Bg5 {[%emt 0:09:39]} f6 {[%emt 0:00:45]} 11. Bd2 {[%emt 0:00:17]} O-O-O {[%emt 0:17:29]} 12. Rb1 {[%emt 0:10:18]} h5 {[%emt 0:09:19]} 13. Ne3 {[%emt 0:04:21]} g5 {[%emt 0:06:35]} 14. b4 {[%emt 0:01:53]} c5 {[%emt 0:04:07]} 15. c4 {[%emt 0:15:01]} cxb4 {[%emt 0:01:25]} 16. Qa4 {[%emt 0:02:30]} Kb8 {[%emt 0:09:11]} 17. Nd5 {[%emt 0:07:03]} Nb6 {[%emt 0:01:50]} 18. Qa5 {[%emt 0:07:21]} Nxd5 {[%emt 0:00:31]} 19. exd5 {[%emt 0:06:49]} b6 {[%emt 0:18:07]} 20. Bxb4 {[%emt 0:00:20]} Bxb4 {[%emt 0:00:13]} 21. Rxb4 {[%emt 0:01:47]} Ka8 {[%emt 0:00:11]} 22. Qa3 {[%emt 0:01:16]} Bc8 {[%emt 0:08:11]} 23. Rfb1 {[%emt 0:12:32]} Bb7 {[%emt 0:00:05]} 24. d4 {[%emt 0:04:36]} g4 {[%emt 0:02:47]} 25. c5 {[%emt 0:03:09]} gxf3 {[%emt 0:01:50]} 26. Ra4 {[%emt 0:00:09]} Qh7 {[%emt 0:02:11]} 27. Rxa7+ {[%emt 0:01:21]} Kb8 {[%emt 0:00:01]} 28. Rc1 {[%emt 0:00:29]} bxc5 {[%emt 0:02:43]} 29. dxc5 {[%emt 0:04:29]} Rxd5 {[%emt 0:00:04]} 30. Rxb7+ {[%emt 0:00:30]} Kxb7 {[%emt 0:00:10]} 31. Qb3+ {[%emt 0:00:14]} Kc6 {[%emt 0:00:54]} 32. Qa4+ {[%emt 0:00:14]} Kb7 {[%emt 0:00:04]} 33. Qb3+ {[%emt 0:00:30]} Kc6 {[%emt 0:00:27]} 1/2-1/2

[Event "FRA-chT Top 12 2019"]
[Site "Brest"]
[Date "2019.05.26"]
[Round "9.1"]
[White "Cossin, Sebastien"]
[Black "Kosten, Anthony C."]
[Result "1-0"]
[WhiteElo "2494"]
[BlackElo "2419"]
[Annotator "ChessBase"]
[PlyCount "101"]
[EventDate "2019.05.18"]
[EventType "team-tourn"]
[EventCountry "FRA"]
[SourceTitle "playchess.com"]
[Source "ChessBase"]
[SourceQuality "1"]
[TimeControl "40/5400+30:1800+30"]

1. d4 {[%emt 0:00:00]} Nf6 {[%emt 0:00:00]} 2. c4 {[%emt 0:00:00]} b6 {[%emt 0:00:11]} 3. Nc3 {[%emt 0:00:40]} Bb7 {[%emt 0:00:07]} 4. f3 {[%emt 0:07:38]} d5 {[%emt 0:00:44]} 5. cxd5 {[%emt 0:02:16]} Nxd5 {[%emt 0:00:07]} 6. e4 {[%emt 0:02:17]} Nxc3 {[%emt 0:02:20]} 7. bxc3 {[%emt 0:00:03]} e5 {[%emt 0:00:11]} 8. Bb5+ {[%emt 0:19:12]} Nd7 {[%emt 0:11:23]} 9. Ne2 {[%emt 0:02:49]} a6 {[%emt 0:03:44]} 10. Bxd7+ {[%emt 0:06:34]} Qxd7 {[%emt 0:00:09]} 11. dxe5 {[%emt 0:00:22]} Qe6 {[%emt 0:19:55]} 12. Bf4 {[%emt 0:01:28]} Bc5 {[%emt 0:02:14]} 13. Nd4 {[%emt 0:08:01]} Qc4 {[%emt 0:18:03]} 14. Qb3 {[%emt 0:02:06]} Qxb3 {[%emt 0:00:00]} 15. axb3 {[%emt 0:01:48]} a5 {[%emt 0:04:41]} 16. e6 {[%emt 0:06:01]} f6 {[%emt 0:15:07]} 17. Bxc7 {[%emt 0:04:18]} g6 {[%emt 0:00:44]} 18. Bg3 {[%emt 0:03:33]} Ke7 {[%emt 0:01:26]} 19. Bf2 {[%emt 0:01:03]} Rhc8 {[%emt 0:02:46]} 20. O-O {[%emt 0:01:17]} Bd6 {[%emt 0:06:04]} 21. Nb5 {[%emt 0:03:45]} Bc5 {[%emt 0:02:31]} 22. Rfc1 {[%emt 0:03:13]} Kxe6 {[%emt 0:00:58]} 23. c4 {[%emt 0:01:12]} Bc6 {[%emt 0:03:02]} 24. Nc3 {[%emt 0:00:41]} f5 {[%emt 0:01:37]} 25. Nd5 {[%emt 0:02:21]} Bxd5 {[%emt 0:02:30]} 26. exd5+ {[%emt 0:03:04]} Kd6 {[%emt 0:00:06]} 27. Kf1 {[%emt 0:00:58]} Bxf2 {[%emt 0:01:10]} 28. Kxf2 {[%emt 0:00:03]} b5 {[%emt 0:00:36]} 29. Ke3 {[%emt 0:01:32]} Kc5 {[%emt 0:00:01]} 30. cxb5+ {[%emt 0:05:07]} Kxd5 {[%emt 0:00:43]} 31. Rxc8 {[%emt 0:01:15]} Rxc8 {[%emt 0:00:02]} 32. Kd3 {[%emt 0:04:14]} Ra8 {[%emt 0:00:27]} 33. Ra4 {[%emt 0:00:54]} Rb8 {[%emt 0:01:09]} 34. Rxa5 {[%emt 0:00:11]} Kc5 {[%emt 0:00:28]} 35. Ra7 {[%emt 0:00:59]} Rd8+ {[%emt 0:00:48]} 36. Ke3 {[%emt 0:00:49]} Re8+ {[%emt 0:00:58]} 37. Kf2 {[%emt 0:02:16]} h6 {[%emt 0:00:19]} 38. Ra6 {[%emt 0:01:19]} Rg8 {[%emt 0:00:17]} 39. h4 {[%emt 0:00:23]} Kxb5 {[%emt 0:00:17]} 40. Rf6 {[%emt 0:00:07]} Kb4 {[%emt 0:00:51]} 41. h5 {[%emt 0:32:18]} gxh5 {[%emt 0:30:20]} 42. Rxf5 {[%emt 0:00:00]} Kxb3 {[%emt 0:00:00]} 43. Rxh5 {[%emt 0:00:00]} Rg6 {[%emt 0:00:00]} 44. Rc5 {[%emt 0:00:00]} Kb4 {[%emt 0:00:00]} 45. Rc1 {[%emt 0:00:00]} Kb5 {[%emt 0:00:00]} 46. g4 {[%emt 0:00:00]} Kb6 {[%emt 0:00:00]} 47. Kg3 {[%emt 0:00:00]} h5 {[%emt 0:00:00]} 48. Kh4 {[%emt 0:00:00]} hxg4 {[%emt 0:00:00]} 49. fxg4 {[%emt 0:00:00]} Rh6+ {[%emt 0:00:00]} 50. Kg5 {[%emt 0:00:00]} Rh8 {[%emt 0:00:00]} 51. Kf6 {[%emt 0:00:00]} 1-0

[Event "FRA-chT Top 12 2019"]
[Site "Brest"]
[Date "2019.05.26"]
[Round "9.2"]
[White "Bacrot, Etienne"]
[Black "Oleksiyenko, Mykhaylo"]
[Result "1/2-1/2"]
[WhiteElo "2678"]
[BlackElo "2595"]
[Annotator "RC"]
[PlyCount "54"]
[EventDate "2019.05.18"]
[EventType "team-tourn"]
[EventCountry "FRA"]
[SourceTitle "playchess.com"]
[Source "ChessBase"]
[SourceQuality "1"]
[TimeControl "40/5400+30:1800+30"]

1. e4 {[%emt 0:00:00]} e5 {[%emt 0:00:00]} 2. Nf3 {[%emt 0:00:00]} Nc6 {[%emt 0:00:00]} 3. Bc4 {[%emt 0:00:26]} Bc5 {[%emt 0:00:00]} 4. d3 {[%emt 0:01:03]} Nf6 {[%emt 0:00:32]} 5. O-O {[%emt 0:00:23]} d6 {[%emt 0:00:44]} 6. c3 {[%emt 0:00:41]} a5 {[%emt 0:00:24]} 7. Re1 {[%emt 0:00:20]} O-O {[%emt 0:00:13]} 8. Nbd2 {[%emt 0:00:21]} Be6 {[%emt 0:00:45]} 9. Bb5 {[%emt 0:00:08]} Qb8 {[%emt 0:01:11]} 10. Nf1 {[%emt 0:00:14]} Qa7 {[%emt 0:00:19]} 11. Be3 {[%emt 0:00:06]} Bxe3 {[%emt 0:03:01]} 12. Nxe3 {[%emt 0:00:07]} Ne7 {[%emt 0:03:28]} 13. a4 {[%emt 0:02:20]} c6 {[%emt 0:05:50]} 14. Bc4 {[%emt 0:01:05]} d5 {[%emt 0:00:22]} 15. exd5 {[%emt 0:02:11]} cxd5 {[%emt 0:00:07]} 16. Bb5 {[%emt 0:00:18]} Ng6 {[%emt 0:03:44]} 17. Nf1 {[%emt 0:02:21]} Ng4 {[%emt 0:10:42]} 18. Qd2 {[%emt 0:08:53]} f6 {[%emt 0:01:23]} 19. Nd4 {[%emt 0:11:29]} Bc8 {[%emt 0:03:43]} 20. Nf3 {[%emt 0:11:30]} Nh6 {[%emt 0:01:52]} 21. h3 {[%emt 0:01:05]} Nf7 {[%emt 0:01:03]} 22. b4 {[%emt 0:06:23]} axb4 {[%emt 0:04:54]} 23. c4 {[%emt 0:00:13]} dxc4 {[%emt 0:11:24]} 24. Bxc4 {[%emt 0:02:19]} Bd7 {[%emt 0:06:49]} 25. Qxb4 {[%emt 0:01:34]} Bc6 {[%emt 0:00:28]} 26. N1d2 {[%emt 0:00:32]} Qa5 {[%emt 0:08:06]} 27. Reb1 {[%emt 0:19:03]} Qxb4 {[%emt 0:06:17]} 1/2-1/2